[Event "Piacenza Ruscitti Memorial 2nd"]
[Site "Piacenza"]
[Date "2023.11.19"]
[Round "3"]
[White "Cecchinelli, Paolo"]
[Black "Bonade, Massimo"]
[Result "0-1"]
[WhiteElo "1665"]
[BlackElo "2066"]
[PlyCount "90"]
[EventDate "2023.11.18"]
[EventType "swiss"]
[EventRounds "5"]
[EventCountry "ITA"]
[SourceTitle "CB48_2023"]
[SourceDate "2023.11.29"]
[SourceVersion "1"]
[SourceVersionDate "2023.11.29"]
[SourceQuality "1"]

1. d4 Nf6 2. Nf3 g6 3. e3 Bg7 4. Bd3 0-0 5. 0-0 d6 6. h3 Nbd7 7. c4 e5 8. Nc3 c6 9. Qc2 Re8 10. Bd2 Qe7 11. dxe5 dxe5 12. e4 Nc5 13. Rad1 Nh5 14. Rfe1 Ne6 15. Ne2 Qf6 16. Qc1 b6 17. Bc3 Nef4 18. Nxf4 Nxf4 19. Be2 Qe7 20. Qd2 Ba6 21. b3 Rad8 22. Qb2 f6 23. Bf1 Bc8 24. a3 c5 25. Rd2 Bb7 26. g3 Ne6 27. Rxd8 Rxd8 28. Bg2 Rd3 29. Nd2 Qd8 30. Bf1 Rd6 31. Bg2 Bh6 32. Nf1 Rd3 33. f4 exf4 34. Bxf6 Qd7 35. Qe5 fxg3 36. Qb8+ Bc8 37. e5 Nf4 38. e6 Qe8 39. e7 Nxg2 40. Qxc8 Qxc8 41. e8Q+ Qxe8 42. Rxe8+ Kf7 43. Rd8 Rxb3 44. Kxg2 Kxf6 45. Rd7 Rxa3 0-1